Primary microglia cell cultures in translational research Strengths and limitations /

Microglia are the resident macrophages in the central nervous system, accounting for 10–15% of the cell mass in the brain. Next to their physiological role in development, monitoring neuronal function and the maintenance of homeostasis, microglia are crucial in the brain's immune defense. Brain...

Teljes leírás

Elmentve itt :
Bibliográfiai részletek
Szerzők: Pesti István
Légrádi Ádám
Farkas Eszter
Dokumentumtípus: Cikk
Megjelent: 2024
Sorozat:JOURNAL OF BIOTECHNOLOGY 386
Tárgyszavak:
doi:10.1016/j.jbiotec.2024.03.005

mtmt:34764513
Online Access:http://publicatio.bibl.u-szeged.hu/33670
LEADER 02573nab a2200241 i 4500
001 publ33670
005 20240701094342.0
008 240701s2024 hu o 000 eng d
022 |a 0168-1656 
024 7 |a 10.1016/j.jbiotec.2024.03.005  |2 doi 
024 7 |a 34764513  |2 mtmt 
040 |a SZTE Publicatio Repozitórium  |b hun 
041 |a eng 
100 1 |a Pesti István 
245 1 0 |a Primary microglia cell cultures in translational research  |h [elektronikus dokumentum] :  |b Strengths and limitations /  |c  Pesti István 
260 |c 2024 
300 |a 10-18 
490 0 |a JOURNAL OF BIOTECHNOLOGY  |v 386 
520 3 |a Microglia are the resident macrophages in the central nervous system, accounting for 10–15% of the cell mass in the brain. Next to their physiological role in development, monitoring neuronal function and the maintenance of homeostasis, microglia are crucial in the brain's immune defense. Brain injury and chronic neurological disorders are associated with neuroinflammation, in which microglia activation is a central element. Microglia acquire a wide spectrum of activation states in the diseased or injured brain, some of which are neurotoxic. The investigation of microglia (patho)physiology and therapeutic interventions targeting neuroinflammation is a substantial challenge. In addition to in vivo approaches, the application of in vitro model systems has gained significant ground and is essential to complement in vivo work. Primary microglia cultures have proved to be a useful tool. Microglia cultures have offered the opportunity to explore the mechanistic, molecular elements of microglia activation, the microglia secretome, and the efficacy of therapeutic treatments against neuroinflammation. As all model systems, primary microglia cultures have distinct strengths and limitations to be weighed when experiments are designed and when data are interpreted. Here, we set out to provide a succinct overview of the advantages and pitfalls of the use of microglia cultures, which instructs the refinement and further development of this technique to remain useful in the toolbox of microglia researchers. Since there is no conclusive therapy to combat neurotoxicity linked to neuroinflammation in acute brain injury or neurodegenerative disorders, these research tools remain essential to explore therapeutic opportunities. © 2024 The Authors 
650 4 |a Biológiai tudományok 
700 0 1 |a Légrádi Ádám  |e aut 
700 0 1 |a Farkas Eszter  |e aut 
856 4 0 |u http://publicatio.bibl.u-szeged.hu/33670/1/2024jbiotech386pestietal.pdf  |z Dokumentum-elérés